Fábulas. Astronomía
-д хадгалсан:
| Үндсэн зохиолч: | |
|---|---|
| Формат: | Ном |
| Хэл сонгох: | испани |
| Хэвлэсэн: |
Madrid
Akal
2008
|
| Цуврал: | Akal-Clásica, Clásicos Latinos, 82
|
| Нөхцлүүд: | |
| Шошгууд: |
Шошго нэмэх
Шошго байхгүй, Энэхүү баримтыг шошголох эхний хүн болох!
|
MARC
| LEADER | 00000nam a2200000 a 4500 | ||
|---|---|---|---|
| 001 | UCH5669 | ||
| 003 | CL-VaPUC | ||
| 008 | 091015e20080000SP |||||||||||||||||spa|d | ||
| 020 | |a 9788446016519 | ||
| 082 | 0 | 4 | |a 873 |b HIG |2 21 |
| 100 | |a Higino, Cayo Julio |e author |9 541978 | ||
| 245 | 1 | 0 | |a Fábulas. Astronomía |
| 300 | |a 359 p | ||
| 942 | |c BK | ||
| 945 | |d 20091015 00:00:00 |a rbrito | ||
| 260 | |a Madrid |b Akal |c 2008 | ||
| 650 | 7 | |a FABULAS ROMANAS |2 CL-VaPUC |9 541979 | |
| 650 | 0 | |a Astronomía |9 260985 | |
| 583 | |a last modification |c 20091015 00:00:00 |k Rodrigo Vera | ||
| 490 | 0 | |a Akal-Clásica, Clásicos Latinos, 82 | |
| 999 | |c 336771 |d 336769 | ||
| 952 | |0 0 |1 0 |4 0 |6 873_000000000000000_HIG_2008 |7 0 |8 A |9 428696 |a BIBHIS |b BIBHIS |d 2019-11-22 |i 4606116 |o 873 HIG 2008 |p 4606116 |r 2025-01-20 |w 2019-11-22 |y BK |k HIS | ||